| 000 | 00669nam a2200229 a 4500 | ||
|---|---|---|---|
| 999 |
_c2295 _d2295 |
||
| 001 | 2295 | ||
| 003 | BD-JhCC | ||
| 005 | 20171031202852.0 | ||
| 008 | 171031s2008 bg a|||| ||a| 000 0 ben d | ||
| 020 | _a9844100259 | ||
| 035 | _a(BD-JhCC)2295 | ||
| 040 |
_aBD-JhCC _dBD-JhCC |
||
| 041 | _aben | ||
| 082 |
_a891.443 _bAHM 2008 |
||
| 100 | _aআহমেদ, হুমায়ূন | ||
| 245 |
_aনীল অপরাজিতা / _cহুমায়ূন আহমেদ |
||
| 260 |
_aঢাকা : _bমাওলা ব্রাদার্স, _c২০০৮. |
||
| 300 |
_a69 p. : _c21 cm. |
||
| 650 | _aBengali Novel | ||
| 942 |
_2ddc _cBK |
||